[Event "Winnipeg Tuesday Night op 3rd"]
[Site "Winnipeg CAN"]
[Date "2000.03.21"]
[Round "3"]
[White "Proulx, Roy"]
[Black "Remillard, John"]
[Result "1-0"]
[WhiteElo "1722"]
[BlackElo "1556"]
[PlyCount "47"]
[GameId "2160767911732956"]
[EventDate "2000.03.07"]
[EventType "swiss"]
[EventRounds "4"]
[EventCountry "CAN"]
[SourceTitle "EXT 2005"]
[Source "ChessBase"]
[SourceDate "2004.11.15"]
[SourceVersion "1"]
[SourceVersionDate "2004.11.15"]
[SourceQuality "1"]

1. e4 e5 2. Nf3 Nc6 3. Bc4 h6 4. c3 Nf6 5. O-O d6 6. d4 Bg4 7. Re1 Bxf3 8. Qxf3 exd4 9. Bf4 Ne5 10. Bxe5 dxe5 11. cxd4 Qxd4 12. Qb3 Bc5 13. Bxf7+ Kf8 14. Nc3 Qxf2+ 15. Kh1 Rd8 16. Bg6 Rd7 17. Rad1 Bd6 18. Rf1 Qh4 19. Qxb7 Ke7 20. Bf5 Ng4 21. Nd5+ Ke8 22. Qc8+ Rd8 23. Qe6+ Be7 24. Bg6# 1-0

[Event "Winnipeg Tuesday Night op 3rd"]
[Site "Winnipeg CAN"]
[Date "2000.03.28"]
[Round "4"]
[White "Klokow, John"]
[Black "Greenberg, Harley"]
[Result "1-0"]
[WhiteElo "1748"]
[BlackElo "1750"]
[PlyCount "59"]
[GameId "2160767911732957"]
[EventDate "2000.03.07"]
[EventType "swiss"]
[EventRounds "4"]
[EventCountry "CAN"]
[SourceTitle "EXT 2005"]
[Source "ChessBase"]
[SourceDate "2004.11.15"]
[SourceVersion "1"]
[SourceVersionDate "2004.11.15"]
[SourceQuality "1"]

1. e4 c5 2. Nf3 Nc6 3. Bb5 g6 4. O-O Bg7 5. Re1 Qb6 6. Na3 a6 7. Bf1 Nf6 8. e5 Ng4 9. Nc4 Qd8 10. h3 Nh6 11. c3 O-O 12. d4 b5 13. Ne3 b4 14. d5 Nxe5 15. Nxe5 Bxe5 16. Nf5 Nxf5 17. Rxe5 d6 18. Re1 bxc3 19. bxc3 Rb8 20. g4 Ng7 21. Bg5 f6 22. Bh6 Re8 23. Qd2 e5 24. dxe6 Bxe6 25. Bxa6 Qb6 26. Bf1 Qb2 27. Qxb2 Rxb2 28. Re3 Bxa2 29. Rxa2 Rxe3 30. Bxe3 1-0

[Event "Winnipeg Tuesday Night op 3rd"]
[Site "Winnipeg CAN"]
[Date "2000.03.28"]
[Round "4"]
[White "Ott, Richard"]
[Black "Weijs, Harry"]
[Result "1-0"]
[WhiteElo "1482"]
[BlackElo "1533"]
[PlyCount "51"]
[GameId "2160767911732958"]
[EventDate "2000.03.07"]
[EventType "swiss"]
[EventRounds "4"]
[EventCountry "CAN"]
[SourceTitle "EXT 2005"]
[Source "ChessBase"]
[SourceDate "2004.11.15"]
[SourceVersion "1"]
[SourceVersionDate "2004.11.15"]
[SourceQuality "1"]

1. d4 f5 2. Bg5 g6 3. e4 fxe4 4. Nc3 d5 5. f3 e3 6. Bxe3 Bg7 7. Qd2 c6 8. Bd3 Qb6 9. Nge2 Na6 10. O-O-O Nb4 11. h4 Nxd3+ 12. Qxd3 Bf5 13. Qd2 h5 14. g4 hxg4 15. fxg4 Bxg4 16. Rdg1 Bh5 17. Nf4 Kf7 18. Qg2 Bh6 19. Qf2 Nf6 20. Nxh5 Bxe3+ 21. Qxe3 gxh5 22. Re1 Qc7 23. Qe6+ Ke8 24. Qxf6 Rf8 25. Qg6+ Rf7 26. Rhf1 1-0

[Event "Winnipeg Tuesday Night op 3rd"]
[Site "Winnipeg CAN"]
[Date "2000.03.28"]
[Round "4"]
[White "Proulx, Roy"]
[Black "Milord, Frank"]
[Result "0-1"]
[WhiteElo "1722"]
[BlackElo "1754"]
[PlyCount "52"]
[GameId "2160767911732959"]
[EventDate "2000.03.07"]
[EventType "swiss"]
[EventRounds "4"]
[EventCountry "CAN"]
[SourceTitle "EXT 2005"]
[Source "ChessBase"]
[SourceDate "2004.11.15"]
[SourceVersion "1"]
[SourceVersionDate "2004.11.15"]
[SourceQuality "1"]

1. e4 d6 2. d4 Nf6 3. Nc3 g6 4. Be2 Bg7 5. Be3 c6 6. f3 O-O 7. Qd2 e5 8. O-O-O Qa5 9. g4 Be6 10. Kb1 b5 11. g5 b4 12. gxf6 bxc3 13. Qxc3 Qxa2+ 14. Kc1 Bxf6 15. d5 cxd5 16. exd5 Bxd5 17. b3 Be6 18. Bd3 Rc8 19. Qb4 e4 20. Bxe4 Bc3 21. Qxc3 Rxc3 22. Bd4 Rc6 23. Bb2 Qa5 24. Bxc6 Nxc6 25. Rxd6 Qg5+ 26. Kb1 Qg2 0-1

[Event "Winnipeg Tuesday Night op 5th"]
[Site "Winnipeg CAN"]
[Date "2000.05.02"]
[Round "1"]
[White "Boron, Anthony"]
[Black "Bays, Derek"]
[Result "1-0"]
[WhiteElo "1865"]
[BlackElo "1538"]
[PlyCount "93"]
[GameId "2160767911724513"]
[EventDate "2000.05.02"]
[EventType "swiss"]
[EventRounds "4"]
[EventCountry "CAN"]
[SourceTitle "EXT 2005"]
[Source "ChessBase"]
[SourceDate "2004.11.15"]
[SourceVersion "1"]
[SourceVersionDate "2004.11.15"]
[SourceQuality "1"]

1. d4 Nf6 2. Nf3 e6 3. e3 d5 4. b3 Be7 5. Nbd2 O-O 6. Ne5 Nbd7 7. Ndf3 Ne4 8. a3 c5 9. Nxd7 Bxd7 10. Bd2 cxd4 11. exd4 Qc7 12. Bd3 Nxd2 13. Qxd2 f6 14. c4 Rac8 15. O-O Rfe8 16. Rfe1 Qb6 17. Reb1 Qc7 18. Qc2 f5 19. Re1 b6 20. Ne5 Bf6 21. Qd2 Bc6 22. Rac1 Qb7 23. Nxc6 Rxc6 24. cxd5 Rxc1 25. Qxc1 Rc8 26. Qe3 Qxd5 27. Bc4 Rxc4 28. bxc4 Qxc4 29. Qxe6+ Qxe6 30. Rxe6 Kf7 31. Rc6 Bd8 32. f3 Ke7 33. Kf1 Kd7 34. d5 Be7 35. a4 Bc5 36. Ke2 g6 37. Kd3 Bd6 38. h3 Bf4 39. Kc4 Bg3 40. Rf6 Ke7 41. Re6+ Kd7 42. Kb5 Bd6 43. Ka6 Bc5 44. Kb7 f4 45. Rc6 g5 46. Kxa7 Be3 47. Kb7 1-0

[Event "Winnipeg Tuesday Night op 5th"]
[Site "Winnipeg CAN"]
[Date "2000.05.02"]
[Round "1"]
[White "Federkevic, Danny"]
[Black "Lafreniere, Adrian"]
[Result "1-0"]
[WhiteElo "1978"]
[BlackElo "1688"]
[PlyCount "59"]
[GameId "2160767911724514"]
[EventDate "2000.05.02"]
[EventType "swiss"]
[EventRounds "4"]
[EventCountry "CAN"]

1. e4 c5 2. Nc3 Nc6 3. f4 e6 4. Nf3 d5 5. Bb5 Be7 6. d3 Qd6 7. O-O d4 8. Ne2 Bd7 9. Ng3 h5 10. f5 Nf6 11. Bxc6 Qxc6 12. Ne5 Qc7 13. Nxd7 Qxd7 14. fxe6 Qxe6 15. Nf5 Rh7 16. Bg5 Ng8 17. Qd2 O-O-O 18. Nxe7+ Nxe7 19. Qa5 f6 20. Qxc5+ Nc6 21. Bd2 Kb8 22. Qf5 Qxf5 23. Rxf5 Rc8 24. Bf4+ Ka8 25. Rc5 g5 26. Bd2 Rf8 27. Rf1 Rhf7 28. Rcf5 Ne7 29. R5f2 g4 30. Bb4 1-0

[Event "Winnipeg Tuesday Night op 5th"]
[Site "Winnipeg CAN"]
[Date "2000.05.02"]
[Round "1"]
[White "Trueman, Francis"]
[Black "Gibson, Kris"]
[Result "0-1"]
[WhiteElo "1494"]
[BlackElo "1796"]
[PlyCount "64"]
[GameId "2160767911724515"]
[EventDate "2000.05.02"]
[EventType "swiss"]
[EventRounds "4"]
[EventCountry "CAN"]
[SourceTitle "EXT 2005"]
[Source "ChessBase"]
[SourceDate "2004.11.15"]
[SourceVersion "1"]
[SourceVersionDate "2004.11.15"]
[SourceQuality "1"]

1. Nf3 c5 2. g3 d5 3. Bg2 Nc6 4. d3 e5 5. O-O Be7 6. c3 Bg4 7. h3 Bh5 8. Nbd2 f5 9. Qc2 e4 10. dxe4 fxe4 11. Nxe4 dxe4 12. Qxe4 Bg6 13. Qe3 Nh6 14. g4 O-O 15. b3 Qc7 16. Ba3 Rae8 17. Bxc5 Bxc5 18. Qxc5 b6 19. Qd5+ Bf7 20. Qd2 Ne5 21. Nxe5 Rxe5 22. Rad1 Qe7 23. Bf3 Qh4 24. Kh2 Rfe8 25. e3 Kh8 26. Rg1 Ng8 27. Rg2 Nf6 28. e4 Nxe4 29. Bxe4 Rxe4 30. f3 Re3 31. Rf1 Qf6 32. Kg3 Qe5+ 0-1

[Event "Winnipeg Tuesday Night op 5th"]
[Site "Winnipeg CAN"]
[Date "2000.05.02"]
[Round "1"]
[White "Weijs, Harry"]
[Black "Greenberg, Harley"]
[Result "1-0"]
[WhiteElo "1553"]
[BlackElo "1756"]
[PlyCount "63"]
[GameId "2160767911724516"]
[EventDate "2000.05.02"]
[EventType "swiss"]
[EventRounds "4"]
[EventCountry "CAN"]
[SourceTitle "EXT 2005"]
[Source "ChessBase"]
[SourceDate "2004.11.15"]
[SourceVersion "1"]
[SourceVersionDate "2004.11.15"]
[SourceQuality "1"]

1. d4 Nf6 2. Bg5 Ne4 3. Bf4 d5 4. e3 Nd7 5. Bd3 g6 6. Nd2 Nxd2 7. Qxd2 Bg7 8. Nf3 O-O 9. c3 c5 10. h4 Re8 11. Bb5 a6 12. Bxd7 Bxd7 13. h5 Bg4 14. hxg6 hxg6 15. Ne5 Bxe5 16. dxe5 e6 17. f3 g5 18. fxg4 gxf4 19. exf4 f6 20. Qd3 Qe7 21. Qg6+ Qg7 22. Qxf6 Qxf6 23. exf6 Kf7 24. g5 e5 25. f5 Rg8 26. Rh7+ Kf8 27. g6 Rd8 28. Re7 Rd6 29. g7+ Rxg7 30. fxg7+ Kg8 31. O-O-O e4 32. Rh1 1-0

[Event "Winnipeg Tuesday Night op 5th"]
[Site "Winnipeg CAN"]
[Date "2000.05.09"]
[Round "2"]
[White "Gibson, Kris"]
[Black "Federkevic, Danny"]
[Result "0-1"]
[WhiteElo "1796"]
[BlackElo "1978"]
[PlyCount "44"]
[GameId "2160767911724517"]
[EventDate "2000.05.02"]
[EventType "swiss"]
[EventRounds "4"]
[EventCountry "CAN"]

1. e4 e5 2. Nf3 Nc6 3. Bc4 Bc5 4. c3 Nf6 5. d4 exd4 6. e5 d5 7. Bb5 Ne4 8. b4 Bb6 9. Nxd4 O-O 10. Bxc6 bxc6 11. Be3 c5 12. bxc5 Nxc5 13. Qh5 Nd3+ 14. Kf1 Ba6 15. Kg1 g6 16. Qh6 Nxe5 17. h3 c5 18. Bg5 f6 19. Ne6 Qe7 20. Nxf8 fxg5 21. Nd2 Rxf8 22. c4 Nf7 0-1

[Event "Winnipeg Tuesday Night op 5th"]
[Site "Winnipeg CAN"]
[Date "2000.05.09"]
[Round "2"]
[White "Moffat, Ron"]
[Black "Boron, Anthony"]
[Result "0-1"]
[WhiteElo "1732"]
[BlackElo "1865"]
[PlyCount "72"]
[GameId "2160767911724518"]
[EventDate "2000.05.02"]
[EventType "swiss"]
[EventRounds "4"]
[EventCountry "CAN"]
[SourceTitle "EXT 2005"]
[Source "ChessBase"]
[SourceDate "2004.11.15"]
[SourceVersion "1"]
[SourceVersionDate "2004.11.15"]
[SourceQuality "1"]

1. d4 Nf6 2. c4 e6 3. Nc3 Bb4 4. Qc2 b6 5. a3 Bxc3+ 6. Qxc3 Bb7 7. Nf3 O-O 8. Bg5 h6 9. Bh4 d6 10. Nd2 Nbd7 11. e4 g5 12. Bxg5 hxg5 13. Qe3 Nh7 14. Bd3 e5 15. h4 g4 16. f3 Ndf6 17. d5 Bc8 18. f4 Nh5 19. fxe5 dxe5 20. O-O-O Nf4 21. Qg3 Nxd3+ 22. Qxd3 a5 23. Qg3 Qe7 24. Nf3 f6 25. Nh2 Kh8 26. Rhf1 a4 27. Rf2 Rb8 28. Rfd2 b5 29. d6 cxd6 30. Rxd6 Qc7 31. Kb1 Qxc4 32. Qe3 Be6 33. Qc3 Qa2+ 34. Kc2 Rbc8 35. Rc6 Rxc6 36. Qxc6 Rc8 0-1

[Event "Winnipeg Tuesday Night op 5th"]
[Site "Winnipeg CAN"]
[Date "2000.05.09"]
[Round "2"]
[White "Schulz, Waldemar"]
[Black "Weijs, Harry"]
[Result "1-0"]
[WhiteElo "2042"]
[BlackElo "1553"]
[PlyCount "54"]
[GameId "2160767911724519"]
[EventDate "2000.05.02"]
[EventType "swiss"]
[EventRounds "4"]
[EventCountry "CAN"]
[SourceTitle "EXT 2005"]
[Source "ChessBase"]
[SourceDate "2004.11.15"]
[SourceVersion "1"]
[SourceVersionDate "2004.11.15"]
[SourceQuality "1"]

1. d4 f5 2. c4 e6 3. g3 Nf6 4. Bg2 d5 5. Nc3 c6 6. Nf3 Bd6 7. O-O O-O 8. Qc2 Bd7 9. b3 Be8 10. Bb2 Bh5 11. Rad1 Qe7 12. Bc1 Nbd7 13. Ne1 Ne4 14. Bd2 Nxd2 15. Qxd2 Kh8 16. Nd3 g5 17. f4 Rg8 18. fxg5 Rxg5 19. Nf4 Rag8 20. Qe3 e5 21. Nxh5 Rxh5 22. cxd5 f4 23. Qf3 Rhg5 24. Ne4 fxg3 25. Nxg5 gxh2+ 26. Kh1 Qxg5 27. dxc6 Nf6 1-0

[Event "Winnipeg Tuesday Night op 5th"]
[Site "Winnipeg CAN"]
[Date "2000.05.16"]
[Round "3"]
[White "Federkevic, Danny"]
[Black "Boron, Anthony"]
[Result "0-1"]
[WhiteElo "2002"]
[BlackElo "1865"]
[PlyCount "78"]
[GameId "2160767911724520"]
[EventDate "2000.05.02"]
[EventType "swiss"]
[EventRounds "4"]
[EventCountry "CAN"]

1. e4 c5 2. Nc3 Nc6 3. f4 g6 4. Nf3 Bg7 5. Bc4 e6 6. f5 Nge7 7. fxe6 fxe6 8. d3 d5 9. Bb5 d4 10. Bxc6+ Nxc6 11. Ne2 O-O 12. O-O e5 13. Bg5 Qd6 14. a3 Bg4 15. Qe1 Bxf3 16. gxf3 Bf6 17. h4 Rf7 18. Qg3 Raf8 19. Rf2 Bg7 20. Raf1 b5 21. Qh3 Qd7 22. Qg3 c4 23. h5 gxh5 24. Qh4 Kh8 25. Ng3 Bf6 26. Bxf6+ Rxf6 27. Qxh5 Rg8 28. Rg2 Rfg6 29. Kf2 Qg7 30. Qh3 cxd3 31. cxd3 b4 32. Rfg1 bxa3 33. bxa3 Qb7 34. Ne2 Rxg2+ 35. Rxg2 Rxg2+ 36. Kxg2 Ne7 37. f4 Qb2 38. Kf1 exf4 39. Nxf4 Qc1+ 0-1

[Event "Winnipeg Tuesday Night op 5th"]
[Site "Winnipeg CAN"]
[Date "2000.05.16"]
[Round "3"]
[White "Greenberg, Harley"]
[Black "Bays, Derek"]
[Result "1-0"]
[WhiteElo "1756"]
[BlackElo "1505"]
[PlyCount "48"]
[GameId "2160767911724521"]
[EventDate "2000.05.02"]
[EventType "swiss"]
[EventRounds "4"]
[EventCountry "CAN"]
[SourceTitle "EXT 2005"]
[Source "ChessBase"]
[SourceDate "2004.11.15"]
[SourceVersion "1"]
[SourceVersionDate "2004.11.15"]
[SourceQuality "1"]

1. d4 Nf6 2. c4 e6 3. Nc3 Bb4 4. Qc2 c5 5. e3 Nc6 6. Nf3 d5 7. a3 Bxc3+ 8. bxc3 Qa5 9. Bd3 dxc4 10. Bxc4 O-O 11. O-O b5 12. Bd3 c4 13. Be2 Bb7 14. a4 a6 15. Ba3 b4 16. cxb4 Nxb4 17. Qxc4 Nfd5 18. Rab1 Rfc8 19. Bxb4 Nxb4 20. Qxb4 Qxb4 21. Rxb4 Bd5 22. h3 Rc2 23. Bd3 Rc3 24. Rfb1 h6 1-0

[Event "Winnipeg Tuesday Night op 5th"]
[Site "Winnipeg CAN"]
[Date "2000.05.16"]
[Round "3"]
[White "Lafreniere, Adrian"]
[Black "Moffat, Ron"]
[Result "1/2-1/2"]
[WhiteElo "1681"]
[BlackElo "1724"]
[PlyCount "113"]
[GameId "2160767911724522"]
[EventDate "2000.05.02"]
[EventType "swiss"]
[EventRounds "4"]
[EventCountry "CAN"]
[SourceTitle "EXT 2005"]
[Source "ChessBase"]
[SourceDate "2004.11.15"]
[SourceVersion "1"]
[SourceVersionDate "2004.11.15"]
[SourceQuality "1"]

1. e4 c5 2. Bc4 e6 3. d3 Nc6 4. Ne2 g6 5. O-O Bg7 6. Nbc3 a6 7. a3 Nge7 8. Be3 d6 9. Qd2 b5 10. Ba2 Bb7 11. f4 Qd7 12. Bb3 Rc8 13. Ng3 Nd4 14. Ba2 Nec6 15. Rab1 Ne7 16. Nce2 Nxe2+ 17. Qxe2 O-O 18. c3 Rc7 19. Rbc1 Rfc8 20. Qd2 d5 21. Rfd1 d4 22. cxd4 Bxd4 23. Bxd4 Qxd4+ 24. Qf2 Rd8 25. Qxd4 Rxd4 26. Ne2 Rdd7 27. Kf2 Kg7 28. Ke3 Rc6 29. g3 Rdc7 30. Bb3 Nc8 31. Rc3 Nb6 32. Rdc1 a5 33. Ng1 a4 34. Ba2 b4 35. axb4 cxb4 36. Rxc6 Rxc6 37. Rxc6 Bxc6 38. b3 Kf6 39. Nf3 axb3 40. Bxb3 Ba4 41. Bxa4 Nxa4 42. Kd4 b3 43. Kc4 b2 44. Nd2 g5 45. Kb4 Nb6 46. Kb3 gxf4 47. gxf4 e5 48. fxe5+ Kxe5 49. Kxb2 Kd4 50. Kc2 Na4 51. Nf3+ Ke3 52. Ne5 f6 53. Ng4+ Kd4 54. Nxf6 Nc5 55. Nxh7 Nxd3 56. Nf6 Nf2 57. Kd2 1/2-1/2

[Event "Winnipeg Tuesday Night op 5th"]
[Site "Winnipeg CAN"]
[Date "2000.05.16"]
[Round "3"]
[White "Weijs, Harry"]
[Black "Gibson, Kris"]
[Result "0-1"]
[WhiteElo "1553"]
[BlackElo "1816"]
[PlyCount "84"]
[GameId "2160767911724523"]
[EventDate "2000.05.02"]
[EventType "swiss"]
[EventRounds "4"]
[EventCountry "CAN"]
[SourceTitle "EXT 2005"]
[Source "ChessBase"]
[SourceDate "2004.11.15"]
[SourceVersion "1"]
[SourceVersionDate "2004.11.15"]
[SourceQuality "1"]

1. d4 c5 2. d5 Nf6 3. Nc3 a6 4. a4 Qc7 5. e4 e6 6. Bg5 Be7 7. Nf3 exd5 8. Nxd5 Nxd5 9. Qxd5 d6 10. Bxe7 Qxe7 11. Bd3 Be6 12. Qg5 Qxg5 13. Nxg5 Nc6 14. Nxe6 fxe6 15. c3 Ke7 16. f4 Rhf8 17. Rf1 h5 18. h4 e5 19. g3 Rf6 20. f5 Raf8 21. Be2 g6 22. g4 hxg4 23. Bxg4 gxf5 24. exf5 Rg8 25. Bh5 Rh8 26. Bg4 Rxh4 27. Rg1 Rf8 28. O-O-O e4 29. Rde1 d5 30. Re3 Ne5 31. Bh3 Nf3 32. Rg3 Rf4 33. Rg7+ Kd6 34. Rxb7 d4 35. cxd4 cxd4 36. Reb3 d3 37. R3b6+ Ke5 38. Re6+ Kd4 39. Rd6+ Ke3 40. Kd1 Nd4 41. Rxa6 Rh8 42. Bf1 Rxf1# 0-1

[Event "Winnipeg Tuesday Night op 5th"]
[Site "Winnipeg CAN"]
[Date "2000.05.30"]
[Round "4"]
[White "Boron, Anthony"]
[Black "Schulz, Waldemar"]
[Result "1/2-1/2"]
[WhiteElo "1865"]
[BlackElo "2042"]
[PlyCount "61"]
[GameId "2160767911724524"]
[EventDate "2000.05.02"]
[EventType "swiss"]
[EventRounds "4"]
[EventCountry "CAN"]
[SourceTitle "EXT 2005"]
[Source "ChessBase"]
[SourceDate "2004.11.15"]
[SourceVersion "1"]
[SourceVersionDate "2004.11.15"]
[SourceQuality "1"]

1. Nf3 Nf6 2. d4 g6 3. Bf4 Bg7 4. Nbd2 d5 5. e3 O-O 6. Be2 c5 7. Ne5 Nfd7 8. Ndf3 Nc6 9. Nxc6 bxc6 10. c3 Qb6 11. Qc2 a5 12. h4 Nf6 13. Be5 c4 14. Ng5 Bf5 15. Qd2 Ra7 16. f3 h6 17. e4 Bd7 18. Nh3 Rb7 19. Rb1 h5 20. Nf2 Be6 21. Rg1 a4 22. a3 Nd7 23. Bxg7 Kxg7 24. g4 hxg4 25. Nxg4 Rh8 26. Kf2 Rbb8 27. Rh1 Rh5 28. Rh2 Rbh8 29. Rbh1 Rb8 30. Rb1 Rbh8 31. Rbh1 1/2-1/2

[Event "Winnipeg Tuesday Night op 5th"]
[Site "Winnipeg CAN"]
[Date "2000.05.30"]
[Round "4"]
[White "Gibson, Kris"]
[Black "Greenberg, Harley"]
[Result "1-0"]
[WhiteElo "1816"]
[BlackElo "1756"]
[PlyCount "105"]
[GameId "2160767911724525"]
[EventDate "2000.05.02"]
[EventType "swiss"]
[EventRounds "4"]
[EventCountry "CAN"]
[SourceTitle "EXT 2005"]
[Source "ChessBase"]
[SourceDate "2004.11.15"]
[SourceVersion "1"]
[SourceVersionDate "2004.11.15"]
[SourceQuality "1"]

1. e4 c5 2. Nf3 Nc6 3. Nc3 d6 4. Bc4 Nf6 5. Ng5 e6 6. f4 Be7 7. O-O O-O 8. d3 d5 9. Bb5 dxe4 10. Bxc6 bxc6 11. Ncxe4 e5 12. f5 c4 13. Nxf6+ Bxf6 14. Ne4 cxd3 15. Qxd3 Qxd3 16. cxd3 Rd8 17. Rf3 Ba6 18. Rg3 Kf8 19. Be3 Rd5 20. Nc5 Bc8 21. Rf3 Be7 22. Ne4 f6 23. Rc1 Ba6 24. Nc5 Bxd3 25. Ne6+ Kf7 26. Nc7 Rad8 27. Nxd5 cxd5 28. Bxa7 e4 29. Rxd3 exd3 30. a3 Rc8 31. Be3 Rc2 32. Rxc2 dxc2 33. Kf1 Bc5 34. Bc1 Ke7 35. Ke2 Bg1 36. h3 Kd6 37. Kd3 Ke5 38. g4 h5 39. b4 hxg4 40. hxg4 d4 41. b5 Kd5 42. a4 Kc5 43. Ba3+ Kb6 44. Kxc2 Ka5 45. Kd3 Kxa4 46. Bf8 Bh2 47. b6 Be5 48. Bxg7 Kb5 49. b7 Kc6 50. Bxf6 Bf4 51. Kxd4 Kxb7 52. Kd5 Kc8 53. Ke6 1-0

[Event "Winnipeg Tuesday Night op 6th"]
[Site "Winnipeg CAN"]
[Date "2000.06.06"]
[Round "1"]
[White "Bays, Derek"]
[Black "Milord, Frank"]
[Result "1/2-1/2"]
[WhiteElo "1485"]
[BlackElo "1778"]
[PlyCount "49"]
[GameId "2160767911711703"]
[EventDate "2000.06.06"]
[EventType "swiss (rapid)"]
[EventRounds "4"]
[EventCountry "CAN"]
[SourceTitle "EXT 2005"]
[Source "ChessBase"]
[SourceDate "2004.11.15"]
[SourceVersion "1"]
[SourceVersionDate "2004.11.15"]
[SourceQuality "1"]

1. c4 Nf6 2. Nf3 c5 3. Nc3 Nc6 4. d4 cxd4 5. Nxd4 g6 6. Nxc6 bxc6 7. b3 Bg7 8. Bb2 O-O 9. Rb1 d5 10. cxd5 cxd5 11. e3 Bf5 12. Bd3 Qd7 13. O-O Rfd8 14. Qe2 Bg4 15. f3 d4 16. Ne4 Nxe4 17. Bxe4 Bf5 18. Bxf5 Qxf5 19. Bxd4 Bxd4 20. exd4 Rxd4 21. Qxe7 Qc2 22. Qe3 Rd2 23. Qg5 Qxa2 24. Rfd1 Rxd1+ 25. Rxd1 1/2-1/2

[Event "Winnipeg Tuesday Night op 6th"]
[Site "Winnipeg CAN"]
[Date "2000.06.06"]
[Round "1"]
[White "Brandson, Doug"]
[Black "Boron, Anthony"]
[Result "0-1"]
[WhiteElo "1559"]
[BlackElo "1865"]
[PlyCount "70"]
[GameId "2160767911711704"]
[EventDate "2000.06.06"]
[EventType "swiss (rapid)"]
[EventRounds "4"]
[EventCountry "CAN"]
[SourceTitle "EXT 2005"]
[Source "ChessBase"]
[SourceDate "2004.11.15"]
[SourceVersion "1"]
[SourceVersionDate "2004.11.15"]
[SourceQuality "1"]

1. d4 Nf6 2. c4 c5 3. d5 b5 4. a4 bxc4 5. Nc3 d6 6. e4 Ba6 7. Nf3 Nbd7 8. a5 Rb8 9. Nd2 Ne5 10. Bxc4 Nd3+ 11. Bxd3 Bxd3 12. Nf3 Ba6 13. e5 dxe5 14. Nxe5 Bb5 15. Be3 e6 16. Qf3 Bd6 17. Nc6 Bxc6 18. dxc6 Rxb2 19. O-O O-O 20. Rfc1 Qc7 21. Ne4 Nxe4 22. Qxe4 Rc8 23. Bxc5 Bxh2+ 24. Kh1 Bd6 25. Bxd6 Qxd6 26. Rd1 Qc5 27. Qd4 Qxd4 28. Rxd4 g6 29. Rd7 Rxc6 30. Rxa7 Rxf2 31. Ra8+ Kg7 32. a6 Rcc2 33. a7 Ra2 34. Rb1 Rf5 35. Rg8+ Kxg8 0-1

[Event "Winnipeg Tuesday Night op 6th"]
[Site "Winnipeg CAN"]
[Date "2000.06.06"]
[Round "1"]
[White "Gibson, Kris"]
[Black "Trueman, Francis"]
[Result "1-0"]
[WhiteElo "1816"]
[BlackElo "1496"]
[PlyCount "57"]
[GameId "2160767911711705"]
[EventDate "2000.06.06"]
[EventType "swiss (rapid)"]
[EventRounds "4"]
[EventCountry "CAN"]
[SourceTitle "EXT 2005"]
[Source "ChessBase"]
[SourceDate "2004.11.15"]
[SourceVersion "1"]
[SourceVersionDate "2004.11.15"]
[SourceQuality "1"]

1. e4 c6 2. Nf3 d5 3. Nc3 dxe4 4. Nxe4 Nd7 5. Bc4 Nh6 6. O-O Nf6 7. Nxf6+ gxf6 8. d4 Rg8 9. Bxh6 Bxh6 10. Nh4 Rg4 11. Nf3 Bf5 12. Re1 Be4 13. Bxf7+ Kxf7 14. Ne5+ fxe5 15. Qxg4 Bxc2 16. Qh5+ Bg6 17. Qxh6 Qxd4 18. Rad1 Qxb2 19. Rd2 Qb4 20. Rde2 Rd8 21. Rxe5 Rd7 22. R5e3 Qd6 23. Rf3+ Qf6 24. Rxf6+ exf6 25. Qe3 Kg7 26. g4 Kh8 27. g5 Rg7 28. gxf6 Be4+ 29. fxg7+ 1-0

[Event "Winnipeg Tuesday Night op 6th"]
[Site "Winnipeg CAN"]
[Date "2000.06.06"]
[Round "1"]
[White "Schulz, Waldemar"]
[Black "Remillard, John"]
[Result "1-0"]
[WhiteElo "2042"]
[BlackElo "1561"]
[PlyCount "59"]
[GameId "2160767911711706"]
[EventDate "2000.06.06"]
[EventType "swiss (rapid)"]
[EventRounds "4"]
[EventCountry "CAN"]
[SourceTitle "EXT 2005"]
[Source "ChessBase"]
[SourceDate "2004.11.15"]
[SourceVersion "1"]
[SourceVersionDate "2004.11.15"]
[SourceQuality "1"]

1. d4 d5 2. c4 dxc4 3. Nf3 Nf6 4. Nc3 e6 5. e3 c6 6. Bxc4 Qa5 7. Bd2 Bb4 8. O-O O-O 9. Qb3 Bxc3 10. Bxc3 Qc7 11. Rac1 Nbd7 12. Rfd1 Nd5 13. Bd2 N7f6 14. Ne5 Ne4 15. Be1 Qe7 16. f3 Nd6 17. Bf1 f6 18. Nc4 Rd8 19. e4 Nxc4 20. Bxc4 Nb6 21. Ba5 Kh8 22. Bxb6 axb6 23. Qxb6 Ra4 24. a3 e5 25. dxe5 Rxd1+ 26. Rxd1 h6 27. Bb3 Ra6 28. Qd8+ Qxd8 29. Rxd8+ Kh7 30. Rxc8 1-0

[Event "Winnipeg Tuesday Night op 6th"]
[Site "Winnipeg CAN"]
[Date "2000.06.13"]
[Round "2"]
[White "Boron, Anthony"]
[Black "Gibson, Kris"]
[Result "0-1"]
[WhiteElo "1865"]
[BlackElo "1816"]
[PlyCount "70"]
[GameId "2160767911711707"]
[EventDate "2000.06.06"]
[EventType "swiss (rapid)"]
[EventRounds "4"]
[EventCountry "CAN"]
[SourceTitle "EXT 2005"]
[Source "ChessBase"]
[SourceDate "2004.11.15"]
[SourceVersion "1"]
[SourceVersionDate "2004.11.15"]
[SourceQuality "1"]

1. Nf3 d5 2. d4 e6 3. e3 c5 4. c3 Nf6 5. Nbd2 Nc6 6. Bd3 Qc7 7. O-O c4 8. Bb1 Ng4 9. h3 h5 10. e4 Bd7 11. exd5 exd5 12. Re1+ Be7 13. hxg4 hxg4 14. Ne5 Nxe5 15. dxe5 O-O-O 16. Nf1 Rh4 17. Ng3 Rdh8 18. Bf4 g5 19. Bd2 f5 20. e6 Bc6 21. Bxf5 Rh1+ 22. Nxh1 Qh2+ 23. Kf1 Qxh1+ 24. Ke2 Qxg2 25. Rg1 Qf3+ 26. Kf1 Qxf5 27. Qxg4 Qd3+ 28. Qe2 Qh3+ 29. Ke1 Rh4 30. Qf1 Qxe6+ 31. Kd1 Ba4+ 32. b3 cxb3 33. axb3 Bxb3+ 34. Kc1 Qf5 35. Ra2 Ba3+ 0-1